| 000 | 00834 a2200205 4500 | ||
|---|---|---|---|
| 010 | _aENG-88950 | ||
| 020 |
_a9780195686470 _c595.00 |
||
| 035 | _aEN-72483 | ||
| 037 | _bDBAD / PUB | ||
| 082 | 1 | 4 | _a303.4825405 |
| 090 |
_c9714 _d9714 |
||
| 245 | 1 |
_aIndia and Central Asia: _cedited by Scott C. Levi _bcommerce and culture, 1500-1800 / |
|
| 260 |
_aNew Delhi _bOxford University Press _c2008 |
||
| 300 |
_avi, 283p. ; _c22 cm (Hb) |
||
| 490 | _aOxford in India readings : debates in Indian history and society / edited by Sabyasachi Bhattacharya, B.R. Chattopadhyaya [and] Richard M. Eaton | ||
| 500 | _aIncludes bibliographical references and index | ||
| 700 | _aLevi, Scott C. | ||
| 942 |
_adpl _cEN _k303.4825405 / IND |
||
| 999 |
_c9537 _d9537 |
||